000 00433nam a2200181 a 4500
001 14355
003 CO-ViMGA
008 141112s2004 ck r 000 u spa d
020 _a8472239489
040 _aCO-ViMGA
_bspa
_cCO-ViMGA
082 0 4 _a843 D877s
100 1 _aDurrenmatt, Friedrich
_921028
245 1 0 _aLa sospecha
260 _aBarcelona :
_bTusquets,
_c1996
300 _a181
650 1 4 _aNOVELA SUIZA
942 _2ddc
_cBK
999 _c25035
_d25035